| 000 | 00866nam a2200253 i 4500 | ||
|---|---|---|---|
| 001 | 85715 | ||
| 003 | ES-MaACL | ||
| 005 | 20231228201713.0 | ||
| 007 | t| | ||
| 008 | 041130s1963 sp ||||1| spa d | ||
| 110 | 2 |
_aIglesia Católica. _bPapa (1958-1963: Juan XXIII) _9144883 |
|
| 245 | 1 | 0 |
_aEncíclica Pacem in Terris / _cPapa Juan XXIII ; presentación, sinopsis y notas del profesor don Joaquín Ruiz-Giménez. |
| 260 |
_aMadrid : _bEdiciones y Publicaciones Españolas, _c1963. |
||
| 300 |
_a257 p. ; _c20 cm. |
||
| 490 | 1 | _aPax romana | |
| 650 |
_aPaz- _vEncíclicas. _9171749 |
||
| 655 | 7 |
_2tgfbne _9226879 _aEncíclicas |
|
| 700 | 0 |
_aJuan _bXIII _c, Papa, Santo. _967136 |
|
| 700 | 1 |
_aRuiz-Giménez, Joaquín, _d1913-2009 _9100820 |
|
| 830 | 1 |
_aPax romana _9182690 |
|
| 852 |
_aES-MaACL _jC-23703 |
||
| 942 | _2udc | ||
| 999 |
_c85715 _d85715 |
||